Cinética química elemental /
Guardado en:
| Autor Principal: | |
|---|---|
| Formato: | Libro |
| Publicado: |
Washington :
O.e.a.,
1965
|
| Materias: | |
| Etiquetas: |
Agregar Etiqueta
Sin Etiquetas, Sea el primero en etiquetar este registro!
|
| LEADER | 00652nam a22001815a 4500 | ||
|---|---|---|---|
| 001 | CEM.cems000926 | ||
| 005 | 20060213000000.0 | ||
| 008 | 130507s1965##################000#0#####d | ||
| 003 | CEMS | ||
| 082 | 0 | 4 | |a 531.5 |
| 100 | 1 | |a Behrens Le Bas, Harold | |
| 245 | 1 | 0 | |a Cinética química elemental / |
| 260 | |a Washington : |b O.e.a., |c 1965 | ||
| 300 | |a 32 p. | ||
| 505 | 0 | |a Integracion de sistemas de dos ecuaciones diferenciales lineales. Pendulo estocastico. Un teorema de equiparticion de la energia | |
| 653 | |a Cinetica quimica | ||
| 859 | |a CEMS |b BIB. CEMS - 11 de abril |h 531.5 |i B452 |p 9906.81 |t Ej.2 | ||
| 859 | |a CEMS |b BIB. CEMS - 11 de abril |h 531.5 |i B452 |p 9907.81 |t Ej.1 | ||
